NASCAR Sprint Cup Winners from 2005-2012 - Statistics

General Stats
  • This quiz has been taken 1,582 times
  • The average score is 20 of 31
Answer Stats
Answer % Correct
Jimmie Johnson
96%
Jeff Gordon
95%
Kyle Busch
95%
Kurt Busch
94%
Tony Stewart
90%
Dale Earnhardt, Jr.
88%
Kevin Harvick
84%
Matt Kenseth
84%
Carl Edwards
81%
Joey Logano
79%
Denny Hamlin
75%
Mark Martin
75%
Brad Keselowski
73%
Kasey Kahne
72%
Ryan Newman
70%
Greg Biffle
69%
Martin Truex, Jr.
67%
Clint Bowyer
61%
Jamie McMurray
61%
Trevor Bayne
58%
Juan Pablo Montoya
52%
Jeff Burton
51%
Brian Vickers
50%
David Ragan
46%
Casey Mears
45%
Marcos Ambrose
45%
Paul Menard
38%
Regan Smith
38%
Dale Jarrett
27%
David Reutimann
27%
Jeremy Mayfield
24%
No matching quizzes found
Score Distribution
Percent of People with Each Score
Percentile by Number Answered
Your Score History
You have not taken this quiz